000 00317 a2200133 4500
000 nam a22 7a 4500
100 _aSullia, S B
110 _aSullia, S B
245 _aGeneral microbiology
250 _alatest edition
260 _bOxford & IBH ,CBS
_c2025
264 _bOxford & IBH ,CBS
_c2025
942 _cBK
999 _c395754
_d395754